01015 am a2200265 a 450000500170000000800410001702000150005804100080007309200190008110000280010024500870012825000110021526000340022630000110026050001370027165300450040865300330045365300550048665300490054170000290059093000080061994200120062799900130063995200970065220240701131739.0100930s1996||||xxud f |||| 001 0 spa d a9275321787 aspa c507.2l48sLIG1 aLight, Richard J.91272 aRevisando investigaciones. bLa ciencia de sintetizar estudios /cRichard J. Light a1a ed. aWashington: bOPS/OMS;c1996. a175 p. aLigth, R. J. y Pillemer, D. B. (1996). Revisando investigaciones. La ciencia de sintetizar estudios. (1a ed.). Washington : OPS/OMS. aOrganizando una estrategia de revisión aProcedimientos cuantitativos aNúmeros y narraciones: la división del trabajo aPreguntas claves para evaluar las revisiones1 aPillemer, David B.91273 a974 2ddccBK c785d785 00104070aBFMbBFMcCRd2011-05-13l0o507.2 48 LIGp974r2014-11-06tej.1w2011-05-13yBK